ਛਿਣਾਂਦੀ ਗਾਥਾ : (Record no. 110214)
[ view plain ]
| 000 -LEADER | |
|---|---|
| fixed length control field | 00972nam a22002537a 4500 |
| 005 - DATE AND TIME OF LATEST TRANSACTION | |
| control field | 20170123164149.0 |
| 010 ## - LIBRARY OF CONGRESS CONTROL NUMBER | |
| LC control number | A-977727 |
| 020 ## - INTERNATIONAL STANDARD BOOK NUMBER | |
| Terms of availability | 95.00 |
| 035 ## - SYSTEM CONTROL NUMBER | |
| System control number | A-977727 |
| 037 ## - SOURCE OF ACQUISITION | |
| Source of stock number/acquisition | Cen Lib/Ret |
| 040 ## - CATALOGING SOURCE | |
| Original cataloging agency | DPL |
| Language of cataloging | PN |
| 082 ## - DEWEY DECIMAL CLASSIFICATION NUMBER | |
| Classification number | 851 |
| Item number | ਅਮਿਆ |
| 100 ## - MAIN ENTRY--PERSONAL NAME | |
| Personal name | ਅਮਿਆ ਕੁੰਵਰ |
| 9 (RLIN) | 124886 |
| 245 ## - TITLE STATEMENT | |
| Title | ਛਿਣਾਂਦੀ ਗਾਥਾ : |
| Statement of responsibility, etc | ਅਮਿਆ ਕੁੰਵਰ |
| Remainder of title | ਕਵਿਤਾਵਾਂ / |
| 246 ## - VARYING FORM OF TITLE | |
| Title proper/short title | Chhina di gatha : poetry / |
| Remainder of title | by Amia Kunwar |
| 260 ## - PUBLICATION, DISTRIBUTION, ETC. (IMPRINT) | |
| Place of publication, distribution, etc | ਦਿੱਲੀ |
| Name of publisher, distributor, etc | ਸ਼੍ਰੀ ਪ੍ਰਕਾਸ਼ਨ |
| Date of publication, distribution, etc | 2000 |
| 270 ## - ADDRESS | |
| Address | 4/32 ਸੁਭਾਸ਼ ਗਲੀ, ਵਿਸ਼ਵਾਸ ਨਗਰ |
| City | ਦਿੱਲੀ |
| Postal code | 110032 |
| 300 ## - PHYSICAL DESCRIPTION | |
| Extent | 103p. |
| Dimensions | 22cm(Hb) |
| 650 ## - SUBJECT ADDED ENTRY--TOPICAL TERM | |
| Topical term or geographic name as entry element | ਸਾਹਿਤ--ਪੰਜਾਬੀ |
| 9 (RLIN) | 124887 |
| 650 ## - SUBJECT ADDED ENTRY--TOPICAL TERM | |
| Topical term or geographic name as entry element | ਪੰਜਾਬੀ -- ਕਵਿਤਾਵਾਂ |
| 9 (RLIN) | 124888 |
| 650 ## - SUBJECT ADDED ENTRY--TOPICAL TERM | |
| Topical term or geographic name as entry element | Literature--Punjabi |
| 9 (RLIN) | 124889 |
| 650 ## - SUBJECT ADDED ENTRY--TOPICAL TERM | |
| Topical term or geographic name as entry element | Punjabi -- Poetry |
| 9 (RLIN) | 124890 |
| 942 ## - ADDED ENTRY ELEMENTS (KOHA) | |
| Source of classification or shelving scheme | Dewey Decimal Classification |
| Koha item type | Punjabi Bks |
| Classification part | 851 |
| Call number suffix | ਅਮਿਆ |
| Withdrawn status | Lost status | Damaged status | Not for loan | Home library | Current library | Date acquired | Source of acquisition | Cost, normal purchase price | Total Checkouts | Full call number | Barcode | Date last seen | Copy number | Cost, replacement price | Price effective from | Koha item type |
|---|---|---|---|---|---|---|---|---|---|---|---|---|---|---|---|---|
| Central Library | Central Library | 16/01/2016 | Cen Lib/Ret | 95.00 | 851 ਅਮਿਆ | A-977727 | 16/01/2016 | 1 | 95.00 | 16/01/2016 | Punjabi Bks |
